| 000 | nam a22 7a 4500 | ||
|---|---|---|---|
| 999 |
_c15554 _d15554 |
||
| 008 | 161102b xxu||||| |||| 00| 0 eng d | ||
| 020 | _a0805306404 | ||
| 050 | _aGE 105 .B74 2007b | ||
| 100 | _aWithgott, Jay | ||
| 245 |
_aEssential Environment: _bthe science behind the stories/ _cJay Withgott and Scott Brennan |
||
| 250 | _a2nd ed. | ||
| 260 |
_aUpper Saddle River, NJ: _bPearson Prentice Hall, _c2007 |
||
| 300 |
_axxi, 376p. : _bill. ; _c28 cm |
||
| 500 | _aIncludes bibliographical references and index. | ||
| 650 | _aEnvironmental sciences. | ||
| 700 | _aBrennan, Scott | ||
| 942 |
_2lcc _cBOOKS _hGE 105 .B74 2007b _01 |
||